| 000 | 00736nam a2200253 a 4500 | ||
|---|---|---|---|
| 005 | 20210219153302.0 | ||
| 008 | 991125n 000 0 u | ||
| 035 | _aUPN01000088549 | ||
| 100 | _aBERG, Bryan | ||
| 222 | _aTECH-TRENDS:FOR LEADERS IN EDUCATION AND TRAINING | ||
| 245 | _aMTV unleashed : sith graders create music videos based on works of art | ||
| 300 | _a28-31 | ||
| 362 | _a1993 Vol. 38, no. 3 (apr.-may.) | ||
| 653 | 0 | _aARTES VISUALES | |
| 653 | 0 | _aEDUCACION ARTISTICA | |
| 653 | 0 | _aEDUCACION PRIMARIA | |
| 653 | 0 | _aEFECTOS ESPECIALES | |
| 653 | 0 | _aENSEĆANZA | |
| 653 | 0 | _aTECNOLOGIA EDUCATIVA | |
| 653 | 0 | _aVIDEOS MUSICALES | |
| 700 | _aTurner, Dianne | ||
| 904 |
_aAC _b026360 |
||
| 905 | _aArticulo | ||
| 999 |
_c73078 _d73078 |
||